00540nam a2200205 i 450000100060000000300090000600500170001500700030003200800410003508000200007608000080009610000240010424500580012825000120018626000450019830000380024365000150028165000170029685200210031386698ES-MaACL20230906175515.0t|041215s1982 xxu ||||1| eng d a298.9 Nueva Era a1331 aKing, Godfré Ray.10aOriginal unveiled mysteries / cby Godfré Ray King. a4th ed. aChicago : bSaint Germain Press, c1982. aXXIV, 260 p., 1 lám. ; c20 cm. aNueva Era. 4aI am (Secta) aES-MaACLjL-6158